Annual review of biochemistry. V 57. (Record no. 32609)

MARC details
000 -LEADER
fixed length control field 00321nam a2200121Ia 4500
082 ## - DEWEY DECIMAL CLASSIFICATION NUMBER
Classification number 577.1
Item number ANN.57
245 #0 - TITLE STATEMENT
Title Annual review of biochemistry. V 57.
260 ## - PUBLICATION, DISTRIBUTION, ETC. (IMPRINT)
Place of publication California
Name of publisher Annual Reviews Inc
Year of publication 1988
650 ## - SUBJECT ADDED ENTRY--TOPICAL TERM
Topical Term Biochemistry
650 ## - SUBJECT ADDED ENTRY--TOPICAL TERM
Topical Term Glycobiology
942 ## - ADDED ENTRY ELEMENTS (KOHA)
Koha item type Books
Holdings
Withdrawn status Lost status Damaged status Not for loan Home library Current library Date acquired Full call number Accession Number Koha item type
        RRII Library RRII Library 16/12/2021 577.1 ANN.57 13119 Books